[Event "NOR-ch 2018"]
[Site "Moss"]
[Date "2018.07.14"]
[Round "9"]
[White "Vitenberg, Noam Aviv"]
[Black "Huse, Sigurd Kjelsbøl"]
[Result "1-0"]
[WhiteElo "2220"]
[BlackElo "2085"]
[Annotator "NA"]
[PlyCount "101"]
[EventDate "2018.07.06"]
[EventCountry "NOR"]
[SourceTitle "playchess.com"]
[Source "ChessBase"]
[SourceQuality "1"]

1. d4 d5 2. c4 c6 3. Nf3 Nf6 4. Nc3 a6 5. g3 dxc4 6. Bg2 {D15: Slav Defence: 4 Nc3 a6 and gambit lines after 4 Nc3 dxc4} b5 7. Ne5 Bb7 8. b3 (8. O-O e6 9. b3 cxb3 10. Qxb3 Be7 11. Rd1 O-O 12. Bg5 Ra7 13. Rac1 a5 {½-½ (41) Melkumyan,H (2633)-Eljanov,P (2711) Riadh 2017}) 8... cxb3 9. axb3 e6 10. O-O Bd6 11. Qc2 Qc7 $146 ({Predecessor:} 11... O-O 12. Bg5 Be7 13. e3 Qc7 {½-½ (26) Dzikowski,M (2130)-Sikora,J (2204) Frydek Mistek 2017}) 12. Bb2 c5 13. Nxb5 axb5 14. Rxa8 Bxg2 15. Rxb8+ Qxb8 16. Kxg2 O-O 17. Nf3 cxd4 18. Bxd4 Rc8 19. Qb2 Be7 20. Ra1 h6 21. Kg1 Qc7 22. Ra7 Qd8 23. Rb7 Rb8 24. Rxb8 Qxb8 25. Qc2 Qb7 26. Ne5 Nd5 $11 27. Qc6 Qxc6 28. Nxc6 Bf6 29. Bxf6 gxf6 30. Nd4 Nc7 31. Kg2 f5 32. Kf3 Kg7 33. e4 Kf6 34. exf5 exf5 35. Ke3 Kg5 36. f4+ Kf6 37. Nc6 Ke6 38. Kd4 Kd6 39. Ne5 Ne6+ 40. Kc3 Nd8 41. Kb4 Nc6+ 42. Kxb5 Nd8 43. b4 f6 44. Nf3 Nc6 45. Nh4 Ne7 46. Ka6 h5 47. b5 Kc7 48. h3 Nd5 49. Nxf5 Kb8 50. h4 Ka8 51. Ng7 1-0

[Event "NOR-ch 2018"]
[Site "Moss"]
[Date "2018.07.14"]
[Round "9"]
[White "Moen, Ole Christian"]
[Black "Tryggestad, Andreas Garberg"]
[Result "0-1"]
[WhiteElo "2201"]
[BlackElo "2302"]
[Annotator "NA"]
[PlyCount "40"]
[EventDate "2018.07.06"]
[EventCountry "NOR"]
[SourceTitle "playchess.com"]
[Source "ChessBase"]
[SourceQuality "1"]

1. e4 c5 2. d3 g6 3. f4 Bg7 4. Nf3 d5 5. Nbd2 Nf6 6. e5 Ng4 7. Qe2 h5 8. d4 b6 9. Qb5+ Bd7 10. Qb3 Nc6 11. dxc5 bxc5 12. h3 c4 13. Qc3 Nh6 14. Nd4 Nxd4 15. Qxd4 Nf5 16. Qxd5 e6 17. Qxc4 Qh4+ 18. g3 Qxg3+ 19. Ke2 Qe3+ 20. Kd1 Qf2 0-1

[Event "NOR-ch 2018"]
[Site "Moss"]
[Date "2018.07.14"]
[Round "9"]
[White "Thanke, Bror"]
[Black "Andersen, Alf Roger"]
[Result "0-1"]
[WhiteElo "2190"]
[BlackElo "2180"]
[Annotator "NA"]
[PlyCount "112"]
[EventDate "2018.07.06"]
[EventCountry "NOR"]
[SourceTitle "playchess.com"]
[Source "ChessBase"]
[SourceQuality "1"]

1. d4 d5 2. c4 e6 3. Nc3 f5 4. Nf3 c6 5. Bf4 Nf6 6. e3 Bd6 7. Bd3 O-O {A84: Holländische Verteidigung} 8. Qc2 Ne4 9. O-O-O (9. O-O Bxf4 10. exf4 Nd7 11. Rac1 h6 12. b4 a6 13. c5 g5 14. Ne2 Qf6 15. Rce1 {1-0 (32) Svane,R (2581)-Jugelt,T (2431) Apolda 2017}) 9... b6 10. Kb1 $146 ({Vorgänger:} 10. Bxd6 Qxd6 11. cxd5 exd5 12. Ne5 Nd7 13. f4 Nxe5 14. fxe5 Qh6 15. Rde1 {1-0 (36) Laurusas,T (2369)-Setkauskas,V (2161) Lithuania 2012}) 10... Ba6 11. Rhe1 Bb4 12. Ne5 Bxc3 13. bxc3 Nd6 14. cxd5 Bxd3 15. Qxd3 exd5 16. f3 b5 17. h3 Nc4 18. g4 Qc8 19. Nxc4 bxc4 20. Qc2 Nd7 21. Ka1 Nb6 22. Rg1 Rf7 23. Rg2 fxg4 24. hxg4 Qe6 25. Rh1 g6 26. Rgh2 Nd7 27. Rh3 Nf8 28. Qh2 Rd8 29. Be5 Rdd7 30. Qg3 Rb7 31. Qe1 (31. R3h2 $16) 31... Nd7 32. Bf4 Qe7 33. Qc1 Nf8 34. R3h2 Ne6 35. Rh3 Rb5 36. Bh6 Nf8 37. Re1 Qb7 38. Bf4 Ne6 39. Bh6 Qb6 40. f4 Rb7 41. Rh2 $1 Qa5 42. Rc2 $1 Qd8 43. e4 dxe4 44. f5 Nxd4 45. Rf2 gxf5 46. gxf5 Kf7 47. Rg2 {[#]} Rb1+ $19 (47... Nb3+ $1 {[%mdl 512]} 48. axb3 Ra5+ 49. Ra2 cxb3) 48. Qxb1 Rxb1+ 49. Rxb1 Nxf5 50. Rd2 Qa5 51. Kb2 Nxh6 52. Rh1 Qb6+ 53. Kc2 Nf5 54. Rd7+ Ke6 55. Rdxh7 Qf2+ 56. Kb1 Qd2 0-1

[Event "NOR-ch 2018"]
[Site "Moss"]
[Date "2018.07.14"]
[Round "9"]
[White "Hagesather, Ellen"]
[Black "Martinsen, Stig K"]
[Result "1-0"]
[WhiteElo "2171"]
[BlackElo "2189"]
[Annotator "NA"]
[PlyCount "113"]
[EventDate "2018.07.06"]
[EventCountry "NOR"]
[SourceTitle "playchess.com"]
[Source "ChessBase"]
[SourceQuality "1"]

1. b3 d6 2. Bb2 Nd7 3. d4 {A01: Nimzowitsch-Larsen Opening} (3. e4 Ngf6 4. Nc3 g6 5. g4 Bg7 6. Qe2 c6 7. Bg2 Nc5 8. h3 Ne6 9. O-O-O h5 10. g5 Nxg5 {0-1 (39) Rapport,R (2709)-Ivanchuk,V (2731) Jurmala 2015}) 3... Ngf6 4. c4 g6 5. Nf3 Bg7 6. Nc3 O-O 7. Qc2 c6 8. e4 $146 ({Predecessor:} 8. e3 a6 9. Be2 b5 10. a3 Bb7 {1-0 (24) Pereira,H (1884)-Hernandez Montes,J (2292) Medellin 2017}) 8... a6 9. Be2 b5 10. O-O Qb6 11. h3 e5 12. dxe5 dxe5 13. a4 b4 14. a5 Qc7 15. Nd1 Re8 16. Ne1 Nc5 17. Bf3 Ne6 18. Nd3 Nd4 19. Bxd4 exd4 20. Re1 Rb8 21. N1b2 h5 22. Qd2 Bf8 23. e5 Nd7 24. Qf4 Nc5 25. Nxc5 Bxc5 26. Nd3 Bf8 27. Qxd4 Bf5 28. Be4 Rbd8 29. Qe3 Bxe4 30. Qxe4 c5 31. Qf3 Rd4 32. Re4 Red8 $18 (32... Qd7 $16 {is a better defense.} 33. Rd1 Rxe4 34. Qxe4 Rd8) 33. Rxd4 Rxd4 34. Re1 Qxa5 35. e6 Qc7 36. Ne5 fxe6 37. Nxg6 Qf7 38. Qxf7+ Kxf7 39. Nxf8 Kxf8 40. Rxe6 Rd1+ 41. Kh2 Rd3 42. Rxa6 Rxb3 43. Rc6 Rc3 44. Rxc5 h4 45. Rc7 Ke8 46. c5 Kd8 47. Rb7 Rc4 48. c6 Kc8 49. g4 Rf4 50. Kg2 Rc4 51. g5 Rc5 52. f4 Rxc6 53. Rxb4 Rc3 54. Rd4 Kc7 55. Rd2 Rg3+ 56. Kh2 Rf3 57. g6 1-0

[Event "NOR-ch 2018"]
[Site "Moss"]
[Date "2018.07.14"]
[Round "9"]
[White "Skotheim, Andreas"]
[Black "Solberg, Joachim"]
[Result "1-0"]
[WhiteElo "2109"]
[BlackElo "2263"]
[Annotator "NA"]
[PlyCount "105"]
[EventDate "2018.07.06"]
[EventCountry "NOR"]
[SourceTitle "playchess.com"]
[Source "ChessBase"]
[SourceQuality "1"]

1. d4 d5 2. c4 c6 3. Nf3 Nf6 4. Nc3 e6 5. e3 Nbd7 6. b3 Bd6 7. Bb2 O-O 8. Qc2 b6 9. Bd3 Bb7 10. O-O Rc8 {D45: Semi-Slav: 5 e3} (10... Qe7 11. Rad1 Rfe8 12. e4 dxc4 13. Bxc4 b5 14. Bd3 e5 15. Ne2 c5 16. dxe5 Nxe5 17. Nxe5 Bxe5 18. Bxe5 Qxe5 19. Bxb5 Qxe4 20. Qxe4 Rxe4 {½-½ (31) Shankland,S (2671)-Dreev,A (2653) Havana 2018}) 11. cxd5 exd5 12. Rac1 Re8 13. Rfd1 Qe7 14. Nd2 $146 c5 15. Nf1 c4 16. bxc4 dxc4 17. Bf5 g6 18. Bh3 a6 19. f3 b5 20. e4 Bf4 21. Rb1 b4 22. Ne2 Bb8 23. d5 Nh5 24. Bd4 Bd6 25. Qa4 Rc7 26. Bxd7 Qxd7 27. Rxb4 Bxb4 28. Qxb4 f5 29. Nfg3 Nxg3 30. Nxg3 Qb5 31. Qd2 c3 32. Bxc3 Qc5+ 33. Bd4 Qc2 34. d6 Qxd2 35. Rxd2 Rd7 36. e5 Bd5 37. Ne2 g5 38. Ng3 Be6 39. Nh5 Rc8 40. Nf6+ Kf7 41. Nxh7 Kg6 42. Nf6 Rb7 43. g4 fxg4 44. fxg4 Rc4 45. Be3 Rc3 $2 (45... Rf7 46. h3 (46. d7 Bxd7 47. Rxd7 Rxd7 $16) 46... Rc3) 46. Kf2 Rc8 47. Kf3 $18 (47. d7 $142) 47... Rf8 48. h3 Rh7 49. Ke4 Rxf6 50. exf6 Bd7 51. Rf2 Rf7 52. Ke5 Rf8 53. f7 1-0

[Event "NOR-ch 2018"]
[Site "Moss"]
[Date "2018.07.14"]
[Round "9"]
[White "Bjornland, Svein"]
[Black "Johansen, Lars"]
[Result "1-0"]
[WhiteElo "2093"]
[BlackElo "1902"]
[Annotator "NA"]
[PlyCount "70"]
[EventDate "2018.07.06"]
[EventCountry "NOR"]
[SourceTitle "playchess.com"]
[Source "ChessBase"]
[SourceQuality "1"]

1. f4 e5 2. fxe5 d6 3. exd6 Bxd6 4. Nf3 Nc6 5. d4 Bg4 6. Qd3 Bxf3 7. exf3 Qh4+ 8. Kd1 Nxd4 9. Be3 Nc6 10. Qe4+ Qxe4 11. fxe4 O-O-O 12. Nd2 Nf6 13. c3 Ng4 14. Ke2 f5 15. g3 fxe4 16. Bh3 Nce5 17. Nxe4 Kb8 18. Nxd6 Nxe3 19. Nxb7 Kxb7 20. Kxe3 Nc4+ 21. Kf4 Rhf8+ 22. Kg5 Ne3 23. Rae1 Rd5+ 24. Kh4 g5+ 25. Kh5 g4+ 26. Kh4 gxh3 27. Rxe3 Rf2 28. Re7 Rxb2 29. Rxh7 Rxa2 30. Kxh3 a5 31. g4 a4 32. Kh4 a3 33. Rh5 Rdd2 34. h3 {Rab2Ra5 [%clk 0:00:00] a2 [%clk 0:01:16] g5 [%clk 0:01:03] Re2Kh5 [%clk 0:01:12] Kb6Ra8 [%clk 0:00:00] Re3 [%clk 0:00:42] Rb8+ [%clk 0:01:51] Ka7Rxb2Rxh3 [%clk 0:01:02] Kg4 [%clk 0:28:58] Rxh1 [%clk 0:31:00] Rxa2+ [%clk 0:26:09]} Kb6 {Rg2 [%clk 0:26:28] Kc5 [%clk 0:26:19] g6 [%clk 0:26:23]} 35. Rh8 {Kg5 [%clk 0:25:57] Kd6 [%clk 0:25:48] g7 [%clk 0:25:49] Rg8 [%clk 0:25:41] Kf6 [%clk 0:26:02]} c5 {Kf7 [%clk 0:26:20]} 1-0

[Event "NOR-ch 2018"]
[Site "Moss"]
[Date "2018.07.14"]
[Round "9"]
[White "Kizatbay, Abyl"]
[Black "Fossan, Aleksander"]
[Result "1/2-1/2"]
[WhiteElo "2088"]
[BlackElo "2164"]
[Annotator "NA"]
[PlyCount "30"]
[EventDate "2018.07.06"]
[EventCountry "NOR"]
[SourceTitle "playchess.com"]
[Source "ChessBase"]
[SourceQuality "1"]

1. e4 c5 2. Nf3 Nf6 3. e5 Nd5 4. Nc3 e6 5. Nxd5 exd5 6. d4 Nc6 7. dxc5 Bxc5 8. Qxd5 d6 9. exd6 Qb6 10. Bc4 Bxf2+ 11. Kf1 O-O 12. Qb5 Be6 13. Qxb6 Bxb6 14. Bxe6 fxe6 15. Ke2 Rad8 1/2-1/2

[Event "NOR-ch 2018"]
[Site "Moss"]
[Date "2018.07.14"]
[Round "9"]
[White "Melaa, Sondre"]
[Black "Sidali, Elias Hulleberg"]
[Result "1-0"]
[WhiteElo "2019"]
[BlackElo "1895"]
[Annotator "NA"]
[PlyCount "61"]
[EventDate "2018.07.06"]
[EventCountry "NOR"]
[SourceTitle "playchess.com"]
[Source "ChessBase"]
[SourceQuality "1"]

1. d4 d5 2. Bf4 Nf6 3. e3 e6 4. Nf3 c5 5. c3 Bd6 6. Bg3 Qc7 7. Nbd2 Nbd7 8. Bd3 O-O 9. e4 dxe4 10. Nxe4 Nxe4 11. Bxe4 h6 12. Bc2 Rd8 13. Qd3 Nf8 14. Qc4 b5 15. Qxc5 Bxg3 16. hxg3 Qxc5 17. dxc5 Bb7 18. b4 a5 19. Ke2 axb4 20. cxb4 Ra3 21. Bb3 Nd7 22. Rhd1 Bxf3+ 23. gxf3 Raa8 24. a4 bxa4 25. Rxa4 Ne5 26. Rxa8 Rxa8 27. f4 Nc6 28. b5 Na5 29. Ra1 Kf8 30. b6 Ke7 31. b7 1-0

[Event "NOR-ch 2018"]
[Site "Moss"]
[Date "2018.07.14"]
[Round "9"]
[White "Fuglestein, Sander"]
[Black "Syse, Knut"]
[Result "1/2-1/2"]
[WhiteElo "1834"]
[BlackElo "1654"]
[Annotator "NA"]
[PlyCount "43"]
[EventDate "2018.07.06"]
[EventCountry "NOR"]
[SourceTitle "playchess.com"]
[Source "ChessBase"]
[SourceQuality "1"]

1. d4 d5 2. c4 e6 3. Nf3 Nf6 4. g3 Be7 5. Bg2 O-O 6. O-O dxc4 7. Qc2 b6 8. Ne5 Qxd4 9. Bxa8 Qxe5 10. Bf3 Nd5 11. Qxc4 Ba6 12. Qa4 Bf6 13. Nd2 Bxe2 14. Bxe2 Qxe2 15. Qe4 Qxe4 16. Nxe4 Bd4 17. Rd1 c5 18. Rb1 Rd8 19. Bd2 Nc6 20. Bc3 e5 21. Bxd4 Nxd4 22. Nc3 1/2-1/2

[Event "NOR-ch 2018"]
[Site "Moss"]
[Date "2018.07.14"]
[Round "9"]
[White "Vestjord, Harald Christian"]
[Black "Mansoor, Afras"]
[Result "1/2-1/2"]
[WhiteElo "1735"]
[BlackElo "1973"]
[Annotator "NA"]
[PlyCount "149"]
[EventDate "2018.07.06"]
[EventCountry "NOR"]
[SourceTitle "playchess.com"]
[Source "ChessBase"]
[SourceQuality "1"]

1. d4 Nf6 2. g3 e6 3. Nf3 b6 4. Bg2 Bb7 5. O-O d5 6. c4 Be7 7. Nbd2 {E17: Damenindisch (Hauptfortsetzung)} O-O 8. Ne5 (8. b3 c5 9. dxc5 Bxc5 10. Bb2 dxc4 11. Nxc4 Qe7 12. a3 a5 13. Qb1 Nbd7 14. Ng5 Bxg2 15. Kxg2 h6 16. Ne4 {1-0 (34) Carlsen,M (2832)-Aronian,L (2793) Stavanger 2017}) 8... Nbd7 9. Ndf3 dxc4 10. Nxc4 c5 11. Bf4 Nd5 $146 ({Vorgänger:} 11... Bd5 12. Rc1 b5 13. Ne3 Be4 14. dxc5 Bxc5 15. a3 a5 {½-½ (26) Bilek,I-Novak,E Harrachov 1966}) 12. Bd6 Ba6 13. Bxe7 Qxe7 14. Rc1 Rfd8 15. Nfe5 Nxe5 16. Nxe5 Rac8 17. Re1 f6 18. Nf3 Bb5 19. Qb3 Be8 20. e4 Nb4 21. a3 Nc6 22. dxc5 bxc5 23. e5 Bf7 24. Qc3 Rd5 25. Re4 Rcd8 26. Ree1 Rc8 27. Re4 Bh5 28. Rce1 f5 29. R4e3 Rdd8 30. Nd2 $1 Nd4 31. Nc4 g5 32. f4 gxf4 33. gxf4 Kh8 34. Nd6 Rb8 35. Nc4 Rb3 36. Qc1 Rxe3 37. Rxe3 Ne2+ 38. Rxe2 Bxe2 39. Nd6 Rg8 40. Kh1 (40. Qe3 {ist wohl besser.} Bh5 41. Qh3) 40... Qg7 41. Bc6 c4 42. Qe3 Bd3 43. Qf2 h6 44. Bf3 a6 45. Qe3 Be4 46. Nxe4 fxe4 47. Bxe4 Qd7 48. h3 Rd8 49. f5 Qd1+ (49... Qd2 $142 50. Qxd2 Rxd2 51. fxe6 Kg7) 50. Kg2 Qd2+ 51. Kf3 Qxe3+ 52. Kxe3 exf5 53. Bxf5 Kg7 54. Be6 {[#]} Re8 (54... c3 $1 $19 {[%cal Rc3c2][%mdl 512]} 55. bxc3 Re8) 55. Bxc4 Rxe5+ 56. Kf4 Ra5 57. Ke4 Kf6 58. Kd4 Ke7 59. Kc3 Rc5 60. Kb4 Rc6 61. b3 Kd8 62. Ka5 Kc7 63. Bxa6 Rc3 64. Bf1 Rxb3 65. a4 h5 66. Ka6 h4 67. a5 Rf3 68. Bg2 Rg3 69. Bf1 Rb3 70. Bg2 Rg3 71. Bf1 Rg1 72. Bd3 Rg5 73. Be4 Re5 74. Bg2 Re3 75. Bf1 $19 (75. Kb5) 1/2-1/2